Countries Terestar has been to - Statistics

General Stats
  • This quiz has been taken 10 times
  • The average score is 10 of 11
Answer Stats
Contnent Answer % Correct
Europe France
100%
Europe Austria
88%
North America Canada
88%
Asia China
88%
Europe Germany
88%
Europe Greece
88%
Europe Netherlands
88%
Europe Spain
88%
Europe United Kingdom
88%
North America United States
88%
Europe Czech Republic
75%
No matching quizzes found
Score Distribution
Percent of People with Each Score
Percentile by Number Answered
Your Score History
You have not taken this quiz